Peněžní a úvěrové multiplikátory ve vybraných ekonomikách

Zmeny v menovej politike v súvislosti s kvantitatívnym uvoľňovaním a jeho dopady na vývoj peňazí v ekonomike.

Gespeichert in:
Bibliographische Detailangaben
1. Verfasser: Revenda, Zbyněk
Format: Buchkapitel
Schlagworte:
Tags: Tag hinzufügen
Keine Tags, Fügen Sie das erste Tag hinzu!

MARC

LEADER 00000naa a2200000 4500
001 0221735
005 20221019173555.2
044 |a SK 
245 1 0 |a Peněžní a úvěrové multiplikátory ve vybraných ekonomikách  |c Zbyněk Revenda 
520 |a Zmeny v menovej politike v súvislosti s kvantitatívnym uvoľňovaním a jeho dopady na vývoj peňazí v ekonomike. 
610 2 0 |a rezervy bankové 
610 2 0 |a dohľad bankový 
610 2 0 |a agregáty menové 
610 2 0 |a politika menová 
610 2 0 |a USA 
610 2 0 |a Európska menová únia 
610 2 0 |a Veľká Británia 
610 2 0 |a analýza komparatívna 
100 1 |a Revenda, Zbyněk